000 01104nam a2200253Ia 4500
003 OSt
005 20220923211739.0
006 a|||||r|||| 00| 0
007 ta
008 220922b |||||||| |||| 00| 0 hin d
024 _a44,972
037 _cTextual
040 _aARTS
_cARTS
_bhin
041 _2hin
_ahin
082 _aO15,1F75,1:g, M1
100 _aद्विवेदी, शिवबालक; शास्त्री, प्रकाशमित्र
_9161419
245 0 _aनैषधीयचरित का अभिनव समीक्षा एवं व्याख्यात्मक अध्ययन
246 _aNaiṣhadhīyacharit kā abhinav samīkṣhā evan vyākhyātmak adhyayana
260 _aकानपुर
_b शिक्षक प्रकाशन
_c1981
300 _a282पृ.
_ccm.
650 _aहिन्दी साहित्य
_9156264
942 _hO15,1F75,1:g, M1
_cTEXL
_2CC
999 _c303128
_d303128